000 01608nam0a2200361 i 4500
001 RU\NLR\BIBL_A\011098988
005 20241101012503.0
010 _a9785762916523
_9100
021 _aRU
_b2016-20535
_91302
035 _a(NILC)RuMoRGB-008247040
035 _a(NLR Aleph) 011098988
090 _a11409411
_c11409411
100 _a20160408d2015 u y0rusy50 ca
101 0 _arus
_aeng
102 _aRU
105 _ay|||j|||000yy
200 1 _aАнглийский язык для физиков
_eучебно-методическое пособие
_fА.Г. Минченков
_gС.-Петерб. гос. ун-т
210 _aСанкт-Петербург
_cИзд-во СПбГЭТУ "ЛЭТИ"
_d2015
215 _a225 с.
_d20
300 _aЗагл. также на англ. яз.: Glimpses of physics
300 _aВ вып. дан. авт.: А.Г. Минченков, д.филол.н., проф.
320 _aБиблиогр.: с. 224
517 1 _6z33790
_aGlimpses of physics
_zeng
606 1 _aАнглийский язык
_xУчебные издания для физиков
_92455979
_3RU\NLR\AUTH\661459822
675 _a811.111
686 1 _aШ143.21-93рус328.2
700 1 _7ca
_8rus
_aМинченков
_bА. Г.
_cд-р филол. наук
_gАлексей Генриевич
_9158874
_3RU\NLR\AUTH\770158915
790 1 _7ba
_8rus
_aMinčenkov
_bA. G.
_cд-р филол. наук
_gAleksej Genrievič
_9158875
_3RU\NLR\AUTH\770158916
801 0 _aRU
_bРГБ
_c20160316
_gRCR
942 _cBOOK
980 _aNBR